Top 10 najbardziej zaludnionych państw Afryki - Statystyki

Ogólne statystyki
  • Ten quiz został rozwiązany 366 razy
  • Średni wynik to 7 z 10
Statystyki odpowiedzi
Populacja Państwo % Poprawnych
233 mil Nigeria
96%
117 mil Egipt
95%
64.1 mil Republika Południowej Afryki
94%
46.8 mil Algieria
84%
132 mil Etiopia
70%
50.5 mil Sudan
66%
56.5 mil Kenia
63%
110 mil Demokratyczna Republika Konga
61%
68.7 mil Tanzania
52%
50.1 mil Uganda
33%
Nie znaleziono quizów pasujących do podanych kryteriów
Rozkład punktacji
Procent ludzi z każdym wynikiem
Percentyl według liczby udzielonych odpowiedzi
Twoja historia wyników
Nie rozwiązałeś tego quizu